Statistics for European Geography By Letter - S #2

Click here to take the quiz!

General Stats

  • This quiz has been taken 42,840 times
  • The average score is 12 of 22

Answer Stats

ClueAnswer% Correct
Most populous city in ScandinaviaStockholm
95%
Tiny country surrounded by ItalySan Marino
94%
Country formerly joined with
the Czech Republic
Slovakia
91%
Language also known as CastilianSpanish
84%
Ancient rival of AthensSparta
82%
Capital of North MacedoniaSkopje
72%
Most famous church in the VaticanSt. Peter's
72%
The German word for streetStraße
61%
Ancient Germanic tribe that
invaded England
Saxons
59%
Most famous cathedral in LondonSt. Paul's
56%
Largest city in southwest GermanyStuttgart
49%
Second biggest city in WalesSwansea
49%
Croatia's second largest citySplit
48%
Most famous cathedral in VeniceSt. Mark's
43%
Where Scotland's most famous
golf course can be found
St. Andrews
42%
English city on the river TrentStoke
40%
Most famous cathedral in MoscowSt. Basil's
39%
Ancient kingdom in southeast EnglandSussex
39%
Longest river in the U.K.Severn
36%
Sicilian city which was home
to Archimedes
Syracuse
26%
Tuscan city once home to the
painter Duccio
Siena
25%
Festival where people run with the bullsSan Fermín
11%

Score Distribution

Percentile by Number Answered

Percent of People with Each Score

Your Score History

You have not taken this quiz